Provinces of Japan during the Sengoku Jidai - Statistics

General Stats
  • This quiz has been taken 36 times
  • The average score is 30 of 69
Answers on the Map
Answers color-coded by a green-red scale on the quiz's map according to % correct below.
 
Answer Stats
Answer % Correct
Yamato
69%
Awaji
62%
Bungo
62%
Izu
62%
Kai
62%
Musashi
62%
Satsuma
62%
Tosa
62%
Anshu
54%
Bitchu
54%
Boshu
54%
Buzen
54%
Mino
54%
Mutsu
54%
Owari
54%
Sado
54%
Sanuki
54%
Shima
54%
Yamashiro
54%
Bingo
46%
Bizen
46%
Chikuzen
46%
Dewa
46%
Echigo
46%
Echizen
46%
Etchu
46%
Hida
46%
Iga
46%
Iki
46%
Ise
46%
Kaga
46%
Kii
46%
Mikawa
46%
Noto
46%
Oki
46%
Shimotsuke
46%
Shinano
46%
Tajima
46%
Tsushima
46%
Wakasa
46%
Chikugo
38%
Higo
38%
Hitachi
38%
Hizen
38%
Hoki
38%
Iyo
38%
Izumi
38%
Izumo
38%
Kazusa
38%
Omi
38%
Sagami
38%
Settsu
38%
Tango
38%
Aki
31%
Harima
31%
Inaba
31%
Iwami
31%
Kawachi
31%
Mimasaka
31%
Nagato
31%
Shimosa
31%
Suruga
31%
Suwo
31%
Osomi
23%
Tamba
23%
Totomi
23%
Kotsuke
15%
Yezo
15%
Hyuzen
8%
No matching quizzes found
Score Distribution
Percent of People with Each Score
Percentile by Number Answered
Your Score History
You have not taken this quiz